000 00537nam a2200169Ia 4500
008 090201s9999 xx 000 0 und d
010 _aKPL-19518
040 _bमराठी
041 _aमराठी
082 _a8498
_b19518
100 _aमोहन जोशी
245 _aकधी बहर कधी शिशिर
_cमोहन जोशी
260 _c2004
_bकरवीर प्रकाशन
300 _a57
_bमोठा
600 _aकधी बहर कधी शिशिर
942 _cBOOK
999 _c209094
_d209094